|
|
|
|
| LEADER |
00794nam a2200217 a 4500 |
| 001 |
4539975 |
| 008 |
100509s1968 nyua b 000 0 eng d |
| 010 |
|
|
|a \\\68021042
|
| 040 |
|
|
|a DLC
|c DLC
|d DLC
|d BD-DhAAL
|
| 082 |
0 |
0 |
|a 372.21/6
|2 17
|
| 100 |
1 |
|
|a Beyer, Evelyn,
|d 1907-
|
| 245 |
1 |
0 |
|a Teaching young children /
|c Evelyn Beyer.
|
| 260 |
|
|
|a New York :
|b Pegasus,
|c 1968.
|
| 300 |
|
|
|a 235 p. :
|b illus. ;
|c 21 cm.
|
| 504 |
|
|
|a Bibliography: p. 233-235.
|
| 541 |
1 |
|
|e 00004750
|
| 650 |
|
0 |
|a Nursery schools.
|
| 650 |
|
0 |
|a Preschool teachers.
|
| 852 |
4 |
|
|a Ayesha Abed Library
|j General Shelf
|
| 999 |
|
|
|c 8476
|d 8476
|
| 952 |
|
|
|0 0
|1 0
|2 ddc
|4 0
|6 372_216000000000000_BEY_1968
|7 0
|9 9980
|a BRACUL
|b BRACUL
|c GEN
|d 2010-05-10
|g 0.00
|l 2
|o 372.216 BEY
|p 3010004750
|r 2016-10-30
|s 2016-09-24
|t 1
|w 2010-05-10
|y BK
|z Not price in Register
|